<?xml version="1.0" encoding="UTF-8"?>
<record
    xmlns:xsi="http://www.w3.org/2001/XMLSchema-instance"
    xsi:schemaLocation="http://www.loc.gov/MARC21/slim http://www.loc.gov/standards/marcxml/schema/MARC21slim.xsd"
    xmlns="http://www.loc.gov/MARC21/slim">

  <leader>00554nam a2200145Ia 4500</leader>
  <controlfield tag="008">100204s9999    xx            000 0 und d</controlfield>
  <datafield tag="082" ind1=" " ind2=" ">
    <subfield code="b">16021</subfield>
  </datafield>
  <datafield tag="100" ind1=" " ind2=" ">
    <subfield code="a">&#x915;&#x947;&#x933;&#x915;&#x930;     &#x928;&#x93E;.   &#x92C;&#x93E;.</subfield>
  </datafield>
  <datafield tag="245" ind1=" " ind2=" ">
    <subfield code="a">&#x924;&#x941;&#x92E;&#x94D;&#x939;&#x940;&#x91A; &#x91C;&#x94D;&#x92F;&#x94B;&#x924;&#x93F;&#x937;&#x940; &#x935;&#x94D;&#x939;&#x93E; - 3</subfield>
  </datafield>
  <datafield tag="260" ind1=" " ind2=" ">
    <subfield code="b">"&#x92E;&#x928;&#x94B;&#x939;&#x930;  &#x917;&#x94D;&#x930;&#x902;&#x925;&#x92E;&#x93E;&#x932;&#x93E; ,  &#x92A;&#x941;&#x923;&#x947;"</subfield>
    <subfield code="c">1984 3</subfield>
  </datafield>
  <datafield tag="300" ind1=" " ind2=" ">
    <subfield code="a">164</subfield>
  </datafield>
  <datafield tag="630" ind1=" " ind2=" ">
    <subfield code="a">&#x924;&#x941;&#x92E;&#x94D;&#x939;&#x940;&#x91A; &#x91C;&#x94D;&#x92F;&#x94B;&#x924;&#x93F;&#x937;&#x940; &#x935;&#x94D;&#x939;&#x93E; - 3</subfield>
  </datafield>
  <datafield tag="730" ind1=" " ind2=" ">
    <subfield code="a">&#x924;&#x941;&#x92E;&#x94D;&#x939;&#x940;&#x91A; &#x91C;&#x94D;&#x92F;&#x94B;&#x924;&#x93F;&#x937;&#x940; &#x935;&#x94D;&#x939;&#x93E; - 3</subfield>
  </datafield>
  <datafield tag="942" ind1=" " ind2=" ">
    <subfield code="c">BOOK</subfield>
  </datafield>
  <datafield tag="999" ind1=" " ind2=" ">
    <subfield code="c">460444</subfield>
    <subfield code="d">460441</subfield>
  </datafield>
  <datafield tag="952" ind1=" " ind2=" ">
    <subfield code="0">0</subfield>
    <subfield code="1">0</subfield>
    <subfield code="4">0</subfield>
    <subfield code="7">0</subfield>
    <subfield code="a">NCKMULUND</subfield>
    <subfield code="b">NCKMULUND</subfield>
    <subfield code="d">2010-02-04</subfield>
    <subfield code="g">40.00</subfield>
    <subfield code="l">0</subfield>
    <subfield code="o">16021</subfield>
    <subfield code="p">NCKMULUND-16021</subfield>
    <subfield code="r">2010-02-04 00:00:00</subfield>
    <subfield code="v">40.00</subfield>
    <subfield code="w">2010-02-04</subfield>
    <subfield code="y">BOOK</subfield>
  </datafield>
</record>
